<?xml version="1.0" encoding="UTF-8"?><?xml-stylesheet type="text/xsl" href="static/style.xsl"?><OAI-PMH xmlns="http://www.openarchives.org/OAI/2.0/" xmlns:xsi="http://www.w3.org/2001/XMLSchema-instance" xsi:schemaLocation="http://www.openarchives.org/OAI/2.0/ http://www.openarchives.org/OAI/2.0/OAI-PMH.xsd"><responseDate>2026-04-17T04:11:02Z</responseDate><request verb="GetRecord" identifier="oai:www.recercat.cat:10256/18664" metadataPrefix="marc">https://recercat.cat/oai/request</request><GetRecord><record><header><identifier>oai:recercat.cat:10256/18664</identifier><datestamp>2024-10-29T08:11:02Z</datestamp><setSpec>com_2072_452992</setSpec><setSpec>com_2072_2054</setSpec><setSpec>col_2072_453149</setSpec></header><metadata><record xmlns="http://www.loc.gov/MARC21/slim" xmlns:dcterms="http://purl.org/dc/terms/" xmlns:xsi="http://www.w3.org/2001/XMLSchema-instance" xmlns:doc="http://www.lyncode.com/xoai" xsi:schemaLocation="http://www.loc.gov/MARC21/slim http://www.loc.gov/standards/marcxml/schema/MARC21slim.xsd">
   <leader>00925njm 22002777a 4500</leader>
   <datafield ind2=" " ind1=" " tag="042">
      <subfield code="a">dc</subfield>
   </datafield>
   <datafield ind2=" " ind1=" " tag="720">
      <subfield code="a">Rodzinka, Marcin</subfield>
      <subfield code="e">author</subfield>
   </datafield>
   <datafield ind2=" " ind1=" " tag="720">
      <subfield code="a">Pawlęga, Michał</subfield>
      <subfield code="e">author</subfield>
   </datafield>
   <datafield ind2=" " ind1=" " tag="260">
      <subfield code="c">2020</subfield>
   </datafield>
   <datafield ind2=" " ind1=" " tag="520">
      <subfield code="a">Autoria: Marcin Rodzinka i Michał Pawlęga (Lambda Warsawa); Adaptació: Núria Sadurní, Nagore García, Jose Antonio Langarita i Pilar Albertín; Revisió continguts: Teo Pardo i Laura Vila Kremer; Disseny: Maja Kędra i Maquetació: Macky Chuca</subfield>
   </datafield>
   <datafield ind2=" " ind1=" " tag="520">
      <subfield code="a">Obrim les portes. Una guia per a professionals de la salut és una guia per a professionals de la salut accessible, completa i fàcil d’utilitzar que busca fer més inclusiva i afirmativa l’atenció mèdica a les persones LGBTI. Està dissenyada per a reduir les desigualtats i l’accés a la salut per a les persones LGBTI, ja que&#xd;
aquest col·lectiu presenta necessitats mèdiques especials i requereix una atenció&#xd;
única, particularment en salut mental i en programes de prevenció del càncer. La&#xd;
guia conté coneixements bàsics sobre salut LGBTI, explica definicions difícils de&#xd;
termes relacionats amb LGBTI d’una forma intel·ligible, i aporta consells pràctics&#xd;
per a professionals de la salut sobre com oferir una “atenció centrada en els&#xd;
pacients per a totes les persones LGBTI” de forma holística. La guia pot ser útil&#xd;
per a petites clíniques privades i també en grans universitats, universitats que&#xd;
segurament moldegen els sistemes de salut de cada país. Aquesta guia és una&#xd;
font interessant de coneixement professional tant per aquells professionals que&#xd;
tenen pacients LGBTI com per aquells que no estan familiaritzats amb l’atenció&#xd;
a la salut de les persones LGBTI i que desitgen millorar la seva habilitat persona.&#xd;
Obrim les portes. Una guia per a professionals de la salut és un llibre imprescindible per a tots els professionals de la salut que sens dubte portarà l’atenció a la salut de les persones LGBTI al segle XXI (Krzysztof Nowosielski, ginecòleg i sexòleg)</subfield>
   </datafield>
   <datafield ind2=" " ind1=" " tag="520">
      <subfield code="a">Projecte Open Doors finançat amb el suport de la Comissió Europea</subfield>
   </datafield>
   <datafield ind1="8" ind2=" " tag="024">
      <subfield code="a">http://hdl.handle.net/10256/18664</subfield>
   </datafield>
   <datafield tag="653" ind2=" " ind1=" ">
      <subfield code="a">Minories sexuals -- Salut</subfield>
   </datafield>
   <datafield tag="653" ind2=" " ind1=" ">
      <subfield code="a">Sexual minorities -- Health</subfield>
   </datafield>
   <datafield tag="653" ind2=" " ind1=" ">
      <subfield code="a">Lesbianes -- Salut</subfield>
   </datafield>
   <datafield tag="653" ind2=" " ind1=" ">
      <subfield code="a">Lesbians -- Health</subfield>
   </datafield>
   <datafield tag="653" ind2=" " ind1=" ">
      <subfield code="a">Gais -- Salut</subfield>
   </datafield>
   <datafield tag="653" ind2=" " ind1=" ">
      <subfield code="a">Gay men -- Health</subfield>
   </datafield>
   <datafield tag="653" ind2=" " ind1=" ">
      <subfield code="a">Bisexuals -- Salut</subfield>
   </datafield>
   <datafield tag="653" ind2=" " ind1=" ">
      <subfield code="a">Bisexuals -- Health</subfield>
   </datafield>
   <datafield tag="653" ind2=" " ind1=" ">
      <subfield code="a">Transsexuals -- Salut</subfield>
   </datafield>
   <datafield tag="653" ind2=" " ind1=" ">
      <subfield code="a">Transsexuals -- Health</subfield>
   </datafield>
   <datafield tag="653" ind2=" " ind1=" ">
      <subfield code="a">Intersexualitat</subfield>
   </datafield>
   <datafield tag="653" ind2=" " ind1=" ">
      <subfield code="a">Intersexuality</subfield>
   </datafield>
   <datafield ind2="0" ind1="0" tag="245">
      <subfield code="a">Obrim les portes: una guia per a professionals de la salut</subfield>
   </datafield>
</record></metadata></record></GetRecord></OAI-PMH>